000 00952nam a2200241 a 4500
001 000045856
005 20240530073923.0
008 150522s2004 dr 000 f spa d
020 _a9993477672
040 _aDO-SdBNP
_bspa
_cBNPHU
082 _aRD863.44
_bJ86p,2004
100 1 _aJovine Bermúdez, Federico,
_d1944-2017
_925425
245 1 0 _aPapá bonito /
_cFederico Jóvine Bermúdez.
260 _aSanto Domingo :
_bUniversitaria,
_c2004.
300 _a219 p. ;
_c21 cm.
490 1 _aPublicaciones de la Universidad Autónoma de Santo Domingo
_aLiteratura y sociedad
_v1182
_v46
500 _aIncluye datos biográficos del autor en la solapa de la contracubierta
590 _aInventariado, 2019/VM
650 0 _aNovela dominicana
_9223
650 0 _aLiteratura dominicana.
_967
830 0 _aPublicaciones de la Universidad Autónoma de Santo Domingo.
_pLiteratura y sociedad.
_n1182
_n46
_973927
910 _aValidado. Control de calidad BNPHU
999 _c45345
_d45345